LEADER 01028nam a2200229 a 4500 001 000000123047 003 CaOOAMICUS 005 20100922175442.0 008 100922s2006 it d m 001 0 ita d 040 $aPUG$bita$dfs$dPUL$dLDA 041 0 $aita$agrc 100 1 $aLanzetta, Serafino,$csac.$0(OLS)http://pul/name/71726 245 13$aIl sacerdozio di Maria nella teologia cattolica del XX secolo :$banalisi storico-teologica /$cGiuseppe (p. Serafino) Lanzetta. 260 $aRomae :$b[s.n.],$c2006. 300 $a427 p.$btab.$c25 cm 502 $aDissertazione: Pontificia Universitas Sanctae Crucis. Facultas Theologiae, 2006. 504 $aBibliografia (pp. 393-414) e indici 850 $aPUL 852 $aPUL$W1$xDP1 Tesi Pon. Univ. S. Croce$y43$m2006 B 2$j127929$qTesi$B140429$CPULBib$Z2$F140429 $82 941 1 $a16 996 $6245$aIl sacerdozio di Maria nella teologia cattolica del XX secolo :$banalisi storico-teologica$9(OLS)http://pul/title/155084 996 $6260$aRomae :$b[s.n.]$9(OLS)http://pul/publisher/48223 LEADER 01388nam a2200289 a 4500 001 000000144257 003 CaOOAMICUS 005 20150622163643.0 008 150622s1995 it u000 u ita r 020 $a88-01-10240-2 040 $aPUL$bita 100 1 $aMeddi, Luciano.$0(OLS)http://pul/name/57219 245 10$aIntegrazione fede e vita :$borigine, sviluppo e prospettive di una intuizione di metodologia catechistica italiana /$cLuciano Meddi. 260 $aLeumann (Torino) :$bElle Di Ci,$cİ1995. 300 $a175 p. ;$c24 cm 490 1 $aStudi e ricerche di catechetica. Sezione storica ;$v52 504 $aContiene indici e bibliografia di riferimento. 650 4$aCatechismo$xInsegnamento.$0(OLS)http://pul/subject/39346 830 0$aStudi e ricerche di catechetica.$pSezione storica ;$v52.$0(OLS)http://pul/title/182532 850 $aPUL 852 $aPUL$W1$xDP1 Fondo S. Lanza$y121$m3 E 9.52$j166338$qFondi$B166932$CPULBib$Z2$F166932 $HLan701 $82 941 1 $a1 961 $aNota ms. di possesso: Sergio Lanza 996 $6020$a88-01-10240-2$9(OLS)http://pul/number/158005 996 $6245$aIntegrazione fede e vita :$borigine, sviluppo e prospettive di una intuizione di metodologia catechistica italiana$9(OLS)http://pul/title/182531 996 $6260$aLeumann (Torino) :$bElle Di Ci$9(OLS)http://pul/publisher/53685